[Event "Helsingor Xtracon op"]
[Site "Helsingor"]
[Date "2016.07.30"]
[Round "9"]
[White "Brokso, Kim"]
[Black "Hina, Ariza"]
[Result "1-0"]
[WhiteElo "1713"]
[BlackElo "1370"]
[PlyCount "35"]
[EventDate "2016.07.23"]
[EventType "swiss"]
[EventRounds "10"]
[EventCountry "DEN"]
[SourceTitle "CBM 173 Extra"]
[Source "ChessBase"]
[SourceDate "2016.08.29"]
[SourceVersion "1"]
[SourceVersionDate "2016.08.29"]
[SourceQuality "1"]

1. e4 e5 2. Bc4 Nc6 3. a4 Nf6 4. d3 Bc5 5. h3 d6 6. c3 d5 7. exd5 Nxd5 8. b4 Bd6 9. Bxd5 Qf6 10. Qf3 Qxf3 11. Nxf3 Bf5 12. Be4 Bd7 13. Nbd2 f5 14. Bd5 0-0-0 15. Nc4 Ne7 16. Nxd6+ cxd6 17. Bb3 Kb8 18. Bg5 1-0